01123cam a2200265 a 4500003000500000005001700005008004100022010001000063011001000073020001500083035001000098040000900108082001500117100002400132245013800156260009500294300003800389410006600427490008900493650004000582650004600622650003400668810006600702830008900768CHAP20220817043619.0000208d cr ab r 00010 spa d a79806 a80778 a9290393718 a91232 cCHAP04a630.72bG600aGonzález, José.10aEvaluación económico-ecológica de temas de investigación agropecuaria en los paises andinosc/por José González (y otros) aSan José, C. R. :bInstituto Interamericano de Cooperación para la Agricultura,c1998. a164 p. :bilus. ; gráfs., mapas aInstituto Interamericano de Cooperación para la Agricultura 0aPriorización de la investigación agropecuaria en America Latina y el Caribev; 514aAgriculturaxAspectos económicos.14aAgriculturaxInnovaciones tecnológicas.14aAgriculturaxInvestigación. aInstituto Interamericano de Cooperación para la Agricultura00aPriorización de la investigación agropecuaria en America Latina y el Caribev; 5